000 00582nam a2200241Ia 4500
003 OSt
005 20220924145828.0
006 a|||||r|||| 00| 0
007 ta
008 220923b |||||||| |||| 00| 0 tel d
020 _c1.75
024 _a330499
037 _cTextual
040 _aARTS
_cARTS
_btel
041 _2tel
_atel
082 _aO152,1I00w, 35L2
100 _aTewari
_9220671
245 0 _aKabeer
260 _c1972
650 _aHINDI LITERATURE
_923866
942 _hO152,1I00w, 35L2
_cTEXL
_2CC
999 _c461318
_d461318